000 00844nam a2200241 a 4500
001 BRCA_1544
005 20190320203451.0
008 900911s1985 mx-a---##b---#001-0#spa-#
020 _a9686658033
040 _aDLC
_cDLC
_dDLC
050 4 _aND2644
_b.P56 1985
245 1 0 _aLa pintura mural de la Revolución Mexicana
_ctextos de Carlos Pellicer y Rafael Carrillo Azpeitia.
250 _a3
260 _aMéxico
_bFondo Editorial de la Plástica Mexicana
_c1985
300 _a316 p.
_bil. (algunas a color)
_c48 cm.
500 _aIncluye índice de las reproducciones
504 _aBibliografía : p. 315-316
650 1 4 _aPintura mural mexicana
_ySiglo XX
_9482
651 4 _aMéxico
_xHistoria
_yRevolución, 1910-1920
_94975
700 1 _aPellicer, Carlos
_d1897?-1977
_94976
700 1 _aCarrillo Azpeitia, Rafael
_94977
942 _2lcc
_cB
999 _c1389
_d1389